LEADER 00871cam0-2200313---450- 001 990005853730403321 005 20151124124010.0 010 $a0-333-40805-5 035 $a000585373 035 $aFED01000585373 035 $a(Aleph)000585373FED01 035 $a000585373 100 $a19990604d1987----km-y0itay50------ba 101 0 $aeng 102 $aUS 105 $a--------001yy 200 1 $aFictional discourse and historical space$fAndrew Wright 210 $aLondon$cMacMillan press$d1987 215 $a116 p.$d22 cm 610 0 $aNarrativa inglese 676 $a823.009$v22$zita 700 1$aWright,$bAndrew$f<1923- > 801 0$aIT$bUNINA$gRICA$2UNIMARC 901 $aBK 912 $a990005853730403321 952 $a823.009 WRI 1$bDip.f.m.1426$fFLFBC 959 $aFLFBC 996 $aFictional discourse and historical space$9180819 997 $aUNINA LEADER 01256nam0 2200301 i 450 001 VAN0010475 005 20071204120000.0 010 $a88-244-1539-3 100 $a20021126d1999 |0itac50 ba 101 $aita 102 $aIT 105 $a|||| ||||| 200 1 $aˆLa ‰firma digitale e il documento informatico$eall'interno floppy disk con il bookmark dei siti di maggior interesse$fGiorgio Rognetta 210 $aNapoli$cEdizioni Esselibri Simone$d[1999] 215 $a270 p.$d21 cm. 410 1$1001VAN0010473$12001 $aDiritto & informatica$1210 $aNapoli$cSimone.$v41/8 606 $aInformatica giuridica$3VANC005782$2FI 606 $aDocumento informatico$3VANC005784$2FI 606 $aFirma digitale$3VANC005785$2FI 620 $dNapoli$3VANL000005 700 1$aRognetta$bGiorgio$3VANV007989$0464549 712 $aSimone $3VANV108139$4650 801 $aIT$bSOL$c20230616$gRICA 899 $aBIBLIOTECA DEL DIPARTIMENTO DI GIURISPRUDENZA$1IT-CE0105$2VAN00 912 $aVAN0010475 950 $aBIBLIOTECA DEL DIPARTIMENTO DI GIURISPRUDENZA$d00CONS XXII.E.11 $e00 22145 20021126 996 $aFirma digitale e il documento informatico$91269287 997 $aUNICAMPANIA